000 00597nam a2200169 i 4500
001 145693
003 ES-MaACL
005 20230906201303.0
007 t|
008 071016s1963 sp ||||1| spa d
100 1 _aVerplaetse, Julián G.
_9114199
245 1 0 _aDerecho internacional aéreo y del espacio
_b: (aire, espacio exterior, éter) /
_cJulián G. Verplaetse ; traducción española por José María Pérez Bustamante.
260 _aMadrid :
_bAtlas,
_c1963.
300 _a561 p. ;
_c24 cm.
700 1 _aPérez Bustamante, José María.
_990684
852 _aES-MaACL
_jG-5510
_bR.65506
999 _c145693
_d145693